000
00435nam a2200181Ia 4500
008
100917s9999 xx 000 0 und d
082
_b
28484
100
_a
राजे शैलजा
245
_a
दसरा
260
_b
अनमोल प्रकाशन
_c
1976
300
_a
115
365
_b
8
520
_a
कथा
630
_a
दसरा
650
_a
कथा
730
_a
दसरा
942
_c
BOOK
999
_c
633878
_d
633875